000
00320nam a2200121Ia 4500
008
210430s9999 xx 000 0 und d
082
_a
822.3 S5241 J
100
_a
Famous Products
_9
54041
245
_a
Julius Caesar
_c
Famous Products
260
_a
India
_b
Khalid Waheed Malik
_c
2007
300
_a
482p
942
_c
BK
_2
ddc
999
_c
564493
_d
564493